000 00356nam a2200133Ia 4500
005 20260328104302.0
008 260328s9999||||xx |||||||||||||| ||und||
100 _aGarcía Márquez, Gabriel
245 0 _aEl Coronel no tiene quien le escriba /
_cGabriel García Márquez
260 _bGrupo Norma
300 _a300 p.
650 _aNOVELA
942 _cBK
999 _c10621
_d10621